All Indian Test Cricketers Ever - Statistics

General Stats
  • This quiz has been taken 813 times
  • The average score is 136 of 301
Answer Stats
Cap Name Debut % Correct
280 Rohit Sharma 2013
90%
269 Virat Kohli 2011
90%
247 Yuvraj Singh 2003
90%
214 Harbhajan Singh 1998
89%
217 Robin Singh 1998
87%
218 Robin Singh, Jr. 1999
87%
252 R. P. Singh 2006
87%
187 Sachin Tendulkar 1989
87%
152 Yograj Singh 1981
87%
75 A. G. Kripal Singh 1955
86%
97 A. G. Milkha Singh 1960
86%
1 Amar Singh 1932
86%
191 Gursharan Singh 1990
86%
108 Hanumant Singh 1964
86%
215 Harvinder Singh 1998
86%
258 Ishant Sharma 2007
86%
42 Kanwar Rai Singh 1948
86%
4 Lall Singh 1932
86%
161 Maninder Singh 1982
86%
282 Pankaj Singh 2014
86%
233 Sarandeep Singh 2000
86%
256 V. R. V. Singh 2006
86%
21 Yadavindra Singh 1934
86%
140 Yajurvindra Singh 1977
86%
251 MS Dhoni 2005
85%
167 Chetan Sharma 1984
84%
145 Yashpal Sharma 1979
84%
182 Ajay Sharma 1988
83%
170 Gopal Sharma 1985
83%
283 Karn Sharma 2014
83%
134 Parthasarathy Sharma 1974
83%
184 Sanjeev Sharma 1988
83%
141 Kapil Dev 1978
82%
255 Munaf Patel 2006
81%
244 Parthiv Patel 2002
81%
131 Brijesh Patel 1974
80%
74 Jasu Patel 1955
80%
207 Rahul Dravid 1996
80%
183 Rashid Patel 1988
80%
128 Sunil Gavaskar 1971
79%
231 Zaheer Khan 2000
79%
290 Jasprit Bumrah 2018
78%
206 Sourav Ganguly 1996
78%
196 Ajay Jadeja 1992
77%
288 Kuldeep Yadav 2017
77%
275 Ravindra Jadeja 2012
77%
272 Umesh Yadav 2011
77%
286 Jayant Yadav 2016
76%
3 Jahangir Khan 1932
75%
291 Rishabh Pant 2018
75%
147 Shivlal Yadav 1979
75%
199 Vijay Yadav 1993
75%
271 Ravichandran Ashwin 2011
74%
297 Shubman Gill 2020
74%
239 Virender Sehwag 2001
73%
276 Bhuvneshwar Kumar 2013
72%
279 Mohammed Shami 2013
71%
298 Mohammed Siraj 2020
71%
274 Vinay Kumar 2012
71%
209 V. V. S. Laxman 1996
71%
192 Anil Kumble 1990
70%
268 Praveen Kumar 2011
70%
101 Vaman Kumar 1961
70%
266 Cheteshwar Pujara 2010
69%
284 KL Rahul 2014
69%
278 Ajinkya Rahane 2013
67%
249 Gautam Gambhir 2004
67%
113 Bishan Singh Bedi 1967
64%
289 Hardik Pandya 2017
64%
125 Mohinder Amarnath 1969
63%
12 Lala Amarnath 1933
62%
148 Roger Binny 1979
62%
281 Stuart Binny 2014
62%
137 Surinder Amarnath 1976
61%
130 Madan Lal 1974
60%
151 Ravi Shastri 1981
60%
250 Dinesh Karthik 2004
59%
169 Mohammad Azharuddin 1985
59%
260 Murali Vijay 2008
59%
293 Prithvi Shaw 2018
59%
301 Washington Sundar 2021
59%
193 Javagal Srinath 1991
58%
287 Karun Nair 2016
58%
277 Shikhar Dhawan 2013
58%
159 Arun Lal 1982
57%
248 Irfan Pathan 2003
56%
104 Mansoor Ali Khan Pataudi 1961
56%
265 Suresh Raina 2010
56%
263 Wriddhiman Saha 2010
56%
102 Farokh Engineer 1961
55%
32 Nawab of Pataudi Sr 1946
55%
204 Venkatesh Prasad 1996
55%
222 MSK Prasad 1999
54%
166 Navjot Singh Sidhu 1983
54%
294 Shardul Thakur 2018
54%
154 Krishnamachari Srikkanth 1981
53%
149 Sandeep Patil 1980
53%
253 S. Sreesanth 2006
53%
116 Abid Ali 1967
52%
216 Ajit Agarkar 1998
52%
220 Ashish Nehra 1999
52%
295 Mayank Agarwal 2018
52%
79 Sadashiv Patil 1955
52%
198 Vinod Kambli 1993
52%
246 Aakash Chopra 2003
51%
259 Amit Mishra 2008
51%
139 Dilip Vengsarkar 1976
51%
19 Mushtaq Ali 1934
51%
8 Nazir Ali 1932
51%
11 Wazir Ali 1932
51%
13 L. P. Jai 1933
50%
228 Mohammad Kaif 2000
50%
200 Nayan Mongia 1994
50%
227 Nikhil Chopra 2000
50%
179 Sanjay Manjrekar 1987
50%
138 Syed Kirmani 1976
50%
59 Vijay Manjrekar 1952
50%
119 Ashok Mankad 1969
49%
285 Naman Ojha 2015
49%
261 Pragyan Ojha 2009
49%
30 Vinoo Mankad 1946
49%
229 Shiv Sunder Das 2000
48%
299 Navdeep Saini 2021
47%
300 T. Natarajan 2021
47%
124 Gundappa Viswanath 1969
46%
118 Chetan Chauhan 1969
45%
226 Murali Kartik 2000
45%
197 Rajesh Chauhan 1993
45%
172 Sadanand Viswanath 1985
45%
202 Sunil Joshi 1996
45%
106 B. S. Chandrasekhar 1964
44%
105 E. A. S. Prasanna 1962
44%
292 Hanuma Vihari 2018
44%
173 Kiran More 1986
44%
168 Manoj Prabhakar 1984
44%
53 Nana Joshi 1951
44%
254 Piyush Chawla 2006
44%
49 Ghulam Ahmed 1949
43%
267 Jaydev Unadkat 2010
43%
28 Vijay Hazare 1946
43%
212 Nilesh Kulkarni 1997
42%
175 Raju Kulkarni 1986
42%
117 Umesh Kulkarni 1967
42%
238 Deep Dasgupta 2001
41%
150 Kirti Azad 1981
41%
180 Narendra Hirwani 1988
41%
110 Srinivas Venkataraghavan 1965
41%
273 Varun Aaron 2011
41%
189 Venkatapathy Raju 1990
41%
23 Vijay Ananda Gajapathi Raju 1936
41%
112 Ajit Wadekar 1966
40%
146 Dilip Doshi 1979
40%
245 Lakshmipathy Balaji 2003
40%
296 Shahbaz Nadeem 2019
40%
225 Wasim Jaffer 2000
40%
162 Balwinder Sandhu 1983
39%
213 Debashish Mohanty 1997
39%
27 Gul Mohammad 1946
39%
15 Vijay Merchant 1933
39%
219 Sadagoppan Ramesh 1999
38%
270 Abhinav Mukund 2011
37%
135 Anshuman Gaekwad 1975
37%
60 Datta Gaekwad 1952
37%
123 Eknath Solkar 1969
37%
62 Hiralal Gaekwad 1952
37%
48 Montu Banerjee 1949
37%
77 Nari Contractor 1955
37%
54 Pankaj Roy 1951
37%
156 Pranab Roy 1982
37%
52 Shute Banerjee 1949
37%
262 Subramaniam Badrinath 2010
37%
194 Subroto Banerjee 1992
37%
121 Ambar Roy 1969
36%
144 Bharath Reddy 1979
36%
164 Laxman Sivaramakrishnan 1983
36%
142 M. V. Narasimha Rao 1979
36%
240 Sanjay Bangar 2001
36%
201 Aashish Kapoor 1994
35%
7 C. K. Nayudu 1932
35%
221 Devang Gandhi 1999
35%
136 Karsan Ghavri 1975
35%
211 Abey Kuruvilla 1997
34%
176 Bharat Arun 1986
34%
174 Chandrakant Pandit 1986
34%
20 C. S. Nayudu 1934
34%
210 Dodda Ganesh 1997
34%
237 Hemang Badani 2001
34%
171 Lalchand Rajput 1985
34%
47 Polly Umrigar 1948
34%
195 Pravin Amre 1992
34%
243 Ajay Ratra 2002
33%
100 Baloo Gupte 1961
33%
83 Chandu Borde 1958
33%
208 David Johnson 1996
33%
58 Subhash Gupte 1952
33%
177 Raman Lamba 1986
32%
257 Ramesh Powar 2007
32%
186 Salil Ankola 1989
32%
178 Arshad Ayub 1987
31%
103 Dilip Sardesai 1961
31%
133 Hemant Kanitkar 1974
31%
224 Hrishikesh Kanitkar 1999
31%
236 Sameer Dighe 2001
31%
242 Tinu Yohannan 2001
31%
205 Vikram Rathour 1996
31%
181 Woorkeri Raman 1988
31%
155 Ashok Malhotra 1982
30%
230 Saba Karim 2000
30%
232 Vijay Dahiya 2000
30%
264 Abhimanyu Mithun 2010
29%
190 Atul Wassan 1990
29%
157 Ghulam Parkar 1982
29%
160 Rakesh Shukla 1982
29%
129 Ramnath Parkar 1972
29%
132 Sudhir Naik 1974
29%
223 Vijay Bharadwaj 1999
29%
90 Ramakant Desai 1959
28%
31 Rusi Modi 1946
28%
235 Sairaj Bahutule 2001
28%
188 Vivek Razdan 1989
28%
92 Arvind Apte 1959
27%
80 Bapu Nadkarni 1955
27%
64 Madhav Apte 1952
27%
91 M. L. Jaisimha 1959
27%
203 Paras Mhambrey 1996
27%
158 Suru Nayak 1982
27%
95 Salim Durani 1960
26%
96 Budhi Kunderan 1960
25%
9 Mohammad Nissar 1932
25%
127 Pochiah Krishnamurthy 1971
25%
43 Probir Sen 1948
25%
153 T. E. Srinivasan 1981
25%
41 Dattu Phadkar 1947
24%
17 Dilawar Hussain 1934
24%
36 Hemu Adhikari 1947
24%
37 Jenni Irani 1947
24%
165 Raghuram Bhat 1983
24%
107 Rajinder Pal 1964
24%
93 Abbas Ali Baig 1959
23%
61 Gulabrai Ramchand 1952
23%
241 Iqbal Siddiqui 2001
23%
56 Madhav Mantri 1951
23%
234 Rahul Sanghvi 2001
23%
2 Sorabji Colah 1932
23%
163 T. A. Sekhar 1983
23%
120 Ajit Pai 1969
22%
6 Janardan Navle 1932
22%
73 Prakash Bhandari 1955
22%
99 Rusi Surti 1960
22%
29 Abdul Hafeez 1946
21%
89 Apoorva Sengupta 1959
21%
143 Dhiraj Parsana 1979
21%
24 Khershed Meherhomji 1936
21%
185 M. Venkataramana 1989
21%
72 Naren Tamhane 1955
21%
25 Cotah Ramaswami 1936
20%
22 Dattaram Hindlekar 1936
20%
67 Ebrahim Maka 1952
20%
109 Kumar Indrajitsinhji 1964
20%
18 M. J. Gopalan 1934
20%
5 Naoomal Jeoomal 1932
20%
115 Ramesh Saxena 1967
20%
14 Rustomji Jamshedji 1933
20%
33 Sadashiv Shinde 1946
20%
40 Amir Elahi 1947
19%
57 Buck Divecha 1952
19%
55 C. D. Gopinath 1951
19%
34 Chandu Sarwate 1946
19%
68 Deepak Shodhan 1952
19%
46 Keki Tarapore 1948
19%
126 Kenia Jayantilal 1971
19%
45 Khanmohammad Ibrahim 1948
19%
51 Madhusudan Rege 1949
19%
50 Nirode Chowdhury 1949
19%
71 Pananmal Punjabi 1955
19%
111 Venkataraman Subramanya 1965
19%
78 Vijay Mehra 1955
19%
82 Chandrakant Patankar 1956
18%
69 Chandrasekhar Gadkari 1953
18%
84 Ghulam Guard 1958
18%
38 Gogumal Kishenchand 1947
18%
70 Jayasinghrao Ghorpade 1953
18%
16 Ladha Ramji 1933
18%
76 Narain Swamy 1955
18%
10 Phiroze Palia 1932
18%
87 Ramnath Kenny 1959
18%
114 Subrata Guha 1967
18%
88 Surendranath 1959
18%
66 Vijay Rajindernath 1952
18%
122 Ashok Gandotra 1969
17%
65 Bal Dani 1952
17%
26 Baqa Jilani 1936
17%
44 C. R. Rangachari 1948
17%
39 Khandu Rangnekar 1947
17%
98 Man Sood 1960
17%
35 Ranga Sohoni 1946
17%
86 Vasant Ranjane 1958
17%
81 Gundibail Sunderam 1955
16%
63 Shah Nyalchand 1952
16%
94 V. M. Muddiah 1959
16%
85 Manohar Hardikar 1958
15%
No matching quizzes found
Score Distribution
Percent of People with Each Score
Percentile by Number Answered
Your Score History
You have not taken this quiz